000 00364 a2200121 4500
001 ART_12555
005 20260410161907.0
008 260409a
245 1 0 _aA Test if the reserve Labour hypothesis
100 1 _aGreer, Douglas F.
700 1 _aRhoades, Stephen A.
773 0 _tThe Economic Journal
_g- Vol. 87, NÂș 346 (jun. 1977)
_wREV12512
999 _c26450
_d26450